000 01667nam a2200469Ii 4500
001 DIGLKG0005
003 NyNyDIG
006 m o d
007 cr |||||||||||
008 220726s2013 sp ob 000 0 spa d
035 _a(OCoLC)885361617
040 _aDGITA
_beng
_erda
_epn
_cDGITA
020 _a9788490074633
_qebook
020 _z9788490077658
_qrústica
043 _as------
_as-bl---
050 1 4 _aF2235.5.S9 ebook
082 0 4 _a980.02
100 1 _aAlcalá, Domingo de,
_eauthor.
245 1 0 _aVida del general Sucre /
_cDomingo de Alcalá.
264 1 _aBarcelona :
_bRed ediciones S.L.,
_c2013.
300 _a1 online resource.
336 _atext
_btxt
_2rdacontent
337 _acomputer
_bc
_2rdamedia
338 _aonline resource
_bcr
_2rdacarrier
347 _atext file
_2rdaft
347 _bPDF
490 1 _aLinkgua historia ;
_v15
500 _a"www.linkgua-digital.com"--Cover.
504 _aIncludes bibliographical references.
588 0 _aOnline resource; title from PDF title page (Digitalia, viewed July 26, 2022)
600 1 0 _aSucre, Antonio José de,
_d1795-1830.
650 0 _aGenerals
_zSouth America
_vBiography.
650 0 _aPresidents
_zBolivia
_vBiography.
655 0 _aElectronic books.
791 2 _aDigitalia (Firm),
_edistributor.
793 0 _gDigitalia eBook Collection:
_aLinkgua
776 0 8 _iPrint version:
_aAlcalá, Domingo de.
_tVida del general Sucre.
_dBarcelona : Red ediciones S.L., 2013
_z9788490077658
830 0 _aLinkgua historia ;
_v15.
856 4 0 _3Digitalia Hispánica
_uhttps://www.digitaliapublishing.com/a/23631/
910 _aPremium collection: 2022
942 _cRAA
999 _c237790
_d237790